| 000 | 00000nam##2200000za#4500 |
| 001 | 9.688472 |
| 003 | CaOODSP |
| 005 | 20210624231436 |
| 007 | cr ||||||||||| |
| 008 | 150407|1998||||xxc|||||o f|0| 0 eng|d |
| 040 | |aCaOODSP|beng |
| 043 | |an-cn--- |
| 086 | 1 |aSW21-26/1998E-PDF |
| 110 | 1 |aCanada. |bStatus of Women Canada. |
| 245 | 10|aGendering immigration/integration : |h[electronic resource]|bpolicy research workshop proceedings and a selective review of policy research literature 1987-1996 |
| 260 | |aOttawa - Ontario : |bStatus of Women Canada |c1998. |
| 300 | |a81p. |
| 500 | |aOn title page : Report from the First National Conference Responding to Diversity in the Metropolis: Building an Inclusive Research Agenda Edmonton, Alberta March 6 to 8, 1997. The catalogue number and ISBN for the 1998 print edition have been printed in this electronic edition. |
| 504 | |aBibliography. |
| 590 | |a06-10-Supp|b2006-12-15 |
| 690 | 07|aImmigration policy|2gcpds |
| 690 | 07|aAcculturation|2gcpds |
| 690 | 07|aConferences|2gcpds |
| 775 | 08|tImmigration et intégration tenant compte des rapports sociaux entre les sexes : |w(CaOODSP)9.632897 |
| 776 | 0#|tGendering immigration/integration : |w(CaOODSP)9.660027 |
| 776 | 0#|tImmigration et intégration tenant compte des rapports sociaux entre les sexes : |w(CaOODSP)9.660028 |
| 856 | 40|ahttp://publications.gc.ca|qPDF|s457 KB|uhttps://publications.gc.ca/collections/Collection/SW21-26-1998E.pdf |